000 00596nam a2200217Ia 4500
005 20241216011046.0
008 190212s9999||||xx |||||||||||||| ||und||
082 _a641.59851
_bC74
100 _aCONCYTEC
245 0 _aRECETAS DE PLATOS TIPICOS
_bALLINTA MIKUSUN TARPUSQANCHIKTA
250 _a0
260 _aLIMA-PERU
_bCONCYTEC
_c1988
300 _a80 pag
_c21 cm
341 _h0
490 _v0
_a0
505 _aRECETAS-COMIDAS-BEBIDAS/ALIMENTACION-PERUANO
541 _aD
_bCONCYTEC
_d05-Feb-97
_oSoles
650 _aCIENCIAS APLICADAS
856 _zCiencias Aplicadas
942 _cLIBRO
999 _c31491
_d31491